<?xml version="1.0" encoding="UTF-8"?>
<record
    xmlns:xsi="http://www.w3.org/2001/XMLSchema-instance"
    xsi:schemaLocation="http://www.loc.gov/MARC21/slim http://www.loc.gov/standards/marcxml/schema/MARC21slim.xsd"
    xmlns="http://www.loc.gov/MARC21/slim">

  <leader>00938nas a2200253 454500</leader>
  <controlfield tag="001">4713</controlfield>
  <controlfield tag="005">20260407193504.0</controlfield>
  <controlfield tag="008">260407s1994####ag###########|||spa#d</controlfield>
  <controlfield tag="003">AR-UNSa-BCEJYS</controlfield>
  <datafield tag="040" ind1=" " ind2=" ">
    <subfield code="a">AR-UNSa-BCEJYS</subfield>
    <subfield code="b">spa</subfield>
    <subfield code="c">AR-UNSa-BCEJYS</subfield>
  </datafield>
  <datafield tag="080" ind1=" " ind2=" ">
    <subfield code="a">331</subfield>
    <subfield code="x">Trabajo. Empleo. Organizaci&#xF3;n del trabajo</subfield>
  </datafield>
  <datafield tag="245" ind1="1" ind2="0">
    <subfield code="a">Revista de trabajo</subfield>
  </datafield>
  <datafield tag="022" ind1=" " ind2=" ">
    <subfield code="a">0328-0764</subfield>
  </datafield>
  <datafield tag="264" ind1=" " ind2="1">
    <subfield code="a">Buenos Aires :</subfield>
    <subfield code="b">Ministerio de Trabajo y Seguridad Social</subfield>
    <subfield code="c">1994</subfield>
  </datafield>
  <datafield tag="310" ind1=" " ind2=" ">
    <subfield code="a">Periodicidad: Bimestral
A partir del a&#xF1;o 2005 se vuelve a editar la revista con el sub-t&#xED;tulo Nueva Epoca, cambia de Dir. por Marta Novick</subfield>
  </datafield>
  <datafield tag="942" ind1=" " ind2=" ">
    <subfield code="c">SER</subfield>
  </datafield>
  <datafield tag="590" ind1=" " ind2=" ">
    <subfield code="a">niveau_biblio:s niveau_hierar:1</subfield>
  </datafield>
  <datafield tag="100" ind1="1" ind2=" ">
    <subfield code="a">Santill&#xE1;n Cabeza, Sergio</subfield>
  </datafield>
  <datafield tag="650" ind1=" " ind2=" ">
    <subfield code="a">Seguridad social</subfield>
  </datafield>
  <datafield tag="650" ind1=" " ind2=" ">
    <subfield code="a">Trabajo</subfield>
  </datafield>
  <datafield tag="650" ind1=" " ind2=" ">
    <subfield code="a">Empleo</subfield>
  </datafield>
  <datafield tag="650" ind1=" " ind2=" ">
    <subfield code="a">Derecho laboral</subfield>
  </datafield>
  <datafield tag="856" ind1="4" ind2="1">
    <subfield code="u">https://biblioeco.unsa.edu.ar/pmb/images/revistas/Temas de Seguridad Social.jpg</subfield>
    <subfield code="y">Imagen de portada</subfield>
    <subfield code="q">image/jpeg</subfield>
  </datafield>
  <datafield tag="999" ind1=" " ind2=" ">
    <subfield code="c">8409</subfield>
    <subfield code="d">8409</subfield>
  </datafield>
  <datafield tag="952" ind1=" " ind2=" ">
    <subfield code="0">0</subfield>
    <subfield code="1">0</subfield>
    <subfield code="4">0</subfield>
    <subfield code="7">0</subfield>
    <subfield code="a">BCEJYS</subfield>
    <subfield code="b">BCEJYS</subfield>
    <subfield code="c">17</subfield>
    <subfield code="d">2015-01-01</subfield>
    <subfield code="h">A&#xF1;o 11, N&#xBA; 13 - ene./dic. 2015</subfield>
    <subfield code="l">0</subfield>
    <subfield code="o">H331 REV 11/13</subfield>
    <subfield code="p">R21627</subfield>
    <subfield code="r">2026-04-10 16:06:48</subfield>
    <subfield code="w">2026-04-10</subfield>
    <subfield code="y">RN</subfield>
  </datafield>
  <datafield tag="952" ind1=" " ind2=" ">
    <subfield code="0">0</subfield>
    <subfield code="1">0</subfield>
    <subfield code="4">0</subfield>
    <subfield code="7">0</subfield>
    <subfield code="a">BCEJYS</subfield>
    <subfield code="b">BCEJYS</subfield>
    <subfield code="c">17</subfield>
    <subfield code="d">2014-01-01</subfield>
    <subfield code="h">A&#xF1;o 10, N&#xBA; 12 - ene./dic. 2014</subfield>
    <subfield code="l">0</subfield>
    <subfield code="o">H331 REV 10/12</subfield>
    <subfield code="p">R21626</subfield>
    <subfield code="r">2026-04-10 16:06:48</subfield>
    <subfield code="w">2026-04-10</subfield>
    <subfield code="y">RN</subfield>
  </datafield>
  <datafield tag="952" ind1=" " ind2=" ">
    <subfield code="0">0</subfield>
    <subfield code="1">0</subfield>
    <subfield code="4">0</subfield>
    <subfield code="7">0</subfield>
    <subfield code="a">BCEJYS</subfield>
    <subfield code="b">BCEJYS</subfield>
    <subfield code="c">17</subfield>
    <subfield code="d">2013-01-01</subfield>
    <subfield code="h">A&#xF1;o 9, N&#xBA; 11 - ene./dic. 2013</subfield>
    <subfield code="l">0</subfield>
    <subfield code="o">H331 REV 9/11</subfield>
    <subfield code="p">R21625</subfield>
    <subfield code="r">2026-04-10 16:06:48</subfield>
    <subfield code="w">2026-04-10</subfield>
    <subfield code="y">RN</subfield>
  </datafield>
  <datafield tag="952" ind1=" " ind2=" ">
    <subfield code="0">0</subfield>
    <subfield code="1">0</subfield>
    <subfield code="4">0</subfield>
    <subfield code="7">0</subfield>
    <subfield code="a">BCEJYS</subfield>
    <subfield code="b">BCEJYS</subfield>
    <subfield code="c">17</subfield>
    <subfield code="d">2012-07-01</subfield>
    <subfield code="h">A&#xF1;o 8, N&#xBA; 10 - jul./dic. 2012</subfield>
    <subfield code="l">0</subfield>
    <subfield code="o">H331 REV 8/10</subfield>
    <subfield code="p">R21624</subfield>
    <subfield code="r">2026-04-10 16:06:48</subfield>
    <subfield code="w">2026-04-10</subfield>
    <subfield code="y">RN</subfield>
  </datafield>
  <datafield tag="952" ind1=" " ind2=" ">
    <subfield code="0">0</subfield>
    <subfield code="1">0</subfield>
    <subfield code="4">0</subfield>
    <subfield code="7">0</subfield>
    <subfield code="a">BCEJYS</subfield>
    <subfield code="b">BCEJYS</subfield>
    <subfield code="c">17</subfield>
    <subfield code="d">2011-01-01</subfield>
    <subfield code="h">A&#xF1;o 7, N&#xBA; 9 - ene./jul. 2011</subfield>
    <subfield code="l">0</subfield>
    <subfield code="o">H331 REV 7/9</subfield>
    <subfield code="p">R21623</subfield>
    <subfield code="r">2026-04-10 16:06:48</subfield>
    <subfield code="w">2026-04-10</subfield>
    <subfield code="y">RN</subfield>
  </datafield>
  <datafield tag="952" ind1=" " ind2=" ">
    <subfield code="0">0</subfield>
    <subfield code="1">0</subfield>
    <subfield code="4">0</subfield>
    <subfield code="7">0</subfield>
    <subfield code="a">BCEJYS</subfield>
    <subfield code="b">BCEJYS</subfield>
    <subfield code="c">17</subfield>
    <subfield code="d">2009-07-01</subfield>
    <subfield code="h">A&#xF1;o 5, N&#xBA; 7 - jul./dic. 2009</subfield>
    <subfield code="l">0</subfield>
    <subfield code="o">H331 REV 5/7</subfield>
    <subfield code="p">R21622</subfield>
    <subfield code="r">2026-04-10 16:06:48</subfield>
    <subfield code="w">2026-04-10</subfield>
    <subfield code="y">RN</subfield>
  </datafield>
  <datafield tag="952" ind1=" " ind2=" ">
    <subfield code="0">0</subfield>
    <subfield code="1">0</subfield>
    <subfield code="4">0</subfield>
    <subfield code="7">0</subfield>
    <subfield code="a">BCEJYS</subfield>
    <subfield code="b">BCEJYS</subfield>
    <subfield code="c">17</subfield>
    <subfield code="d">2008-08-01</subfield>
    <subfield code="h">A&#xF1;o 4, N&#xBA; 6 - ago./dic. 2008</subfield>
    <subfield code="l">0</subfield>
    <subfield code="o">H331 REV 4/6</subfield>
    <subfield code="p">R21621</subfield>
    <subfield code="r">2026-04-10 16:06:48</subfield>
    <subfield code="w">2026-04-10</subfield>
    <subfield code="y">RN</subfield>
  </datafield>
  <datafield tag="952" ind1=" " ind2=" ">
    <subfield code="0">0</subfield>
    <subfield code="1">0</subfield>
    <subfield code="4">0</subfield>
    <subfield code="7">0</subfield>
    <subfield code="a">BCEJYS</subfield>
    <subfield code="b">BCEJYS</subfield>
    <subfield code="c">17</subfield>
    <subfield code="d">2008-01-01</subfield>
    <subfield code="h">A&#xF1;o 4, N&#xBA; 5 - ene./jul. 2008</subfield>
    <subfield code="l">0</subfield>
    <subfield code="o">H331 REV 4/5</subfield>
    <subfield code="p">R21620</subfield>
    <subfield code="r">2026-04-10 16:06:48</subfield>
    <subfield code="w">2026-04-10</subfield>
    <subfield code="y">RN</subfield>
  </datafield>
  <datafield tag="952" ind1=" " ind2=" ">
    <subfield code="0">0</subfield>
    <subfield code="1">0</subfield>
    <subfield code="4">0</subfield>
    <subfield code="7">0</subfield>
    <subfield code="a">BCEJYS</subfield>
    <subfield code="b">BCEJYS</subfield>
    <subfield code="c">17</subfield>
    <subfield code="d">2007-01-01</subfield>
    <subfield code="h">A&#xF1;o 3, N&#xBA; 4 - ene./nov. 2007</subfield>
    <subfield code="l">0</subfield>
    <subfield code="o">H331 REV 3/4</subfield>
    <subfield code="p">R21619</subfield>
    <subfield code="r">2026-04-10 16:06:48</subfield>
    <subfield code="w">2026-04-10</subfield>
    <subfield code="y">RN</subfield>
  </datafield>
  <datafield tag="952" ind1=" " ind2=" ">
    <subfield code="0">0</subfield>
    <subfield code="1">0</subfield>
    <subfield code="4">0</subfield>
    <subfield code="7">0</subfield>
    <subfield code="a">BCEJYS</subfield>
    <subfield code="b">BCEJYS</subfield>
    <subfield code="c">17</subfield>
    <subfield code="d">2006-07-01</subfield>
    <subfield code="h">A&#xF1;o 2, N&#xBA; 2/3 - jul./dic. 2006</subfield>
    <subfield code="l">0</subfield>
    <subfield code="o">H331 REV 2/3</subfield>
    <subfield code="p">R21618</subfield>
    <subfield code="r">2026-04-10 16:06:48</subfield>
    <subfield code="w">2026-04-10</subfield>
    <subfield code="y">RN</subfield>
  </datafield>
  <datafield tag="952" ind1=" " ind2=" ">
    <subfield code="0">0</subfield>
    <subfield code="1">0</subfield>
    <subfield code="4">0</subfield>
    <subfield code="7">0</subfield>
    <subfield code="a">BCEJYS</subfield>
    <subfield code="b">BCEJYS</subfield>
    <subfield code="c">17</subfield>
    <subfield code="d">2006-01-01</subfield>
    <subfield code="h">A&#xF1;o 2, N&#xBA; 2/2 - ene./jun. 2006</subfield>
    <subfield code="l">0</subfield>
    <subfield code="o">H331 REV 2/2</subfield>
    <subfield code="p">R21617</subfield>
    <subfield code="r">2026-04-10 16:06:48</subfield>
    <subfield code="w">2026-04-10</subfield>
    <subfield code="y">RN</subfield>
  </datafield>
  <datafield tag="952" ind1=" " ind2=" ">
    <subfield code="0">0</subfield>
    <subfield code="1">0</subfield>
    <subfield code="4">0</subfield>
    <subfield code="7">0</subfield>
    <subfield code="a">BCEJYS</subfield>
    <subfield code="b">BCEJYS</subfield>
    <subfield code="c">17</subfield>
    <subfield code="d">2005-07-01</subfield>
    <subfield code="h">A&#xF1;o 1, N&#xBA; 1/1 - jul./dic. 2005</subfield>
    <subfield code="l">0</subfield>
    <subfield code="o">H331 REV 1/1</subfield>
    <subfield code="p">R01774</subfield>
    <subfield code="r">2026-04-10 16:06:48</subfield>
    <subfield code="w">2026-04-10</subfield>
    <subfield code="y">RN</subfield>
  </datafield>
  <datafield tag="952" ind1=" " ind2=" ">
    <subfield code="0">0</subfield>
    <subfield code="1">0</subfield>
    <subfield code="4">0</subfield>
    <subfield code="7">0</subfield>
    <subfield code="a">BCEJYS</subfield>
    <subfield code="b">BCEJYS</subfield>
    <subfield code="c">17</subfield>
    <subfield code="d">1996-01-01</subfield>
    <subfield code="h">A&#xF1;o 3, N&#xBA; 9 - ene./mar. 1996</subfield>
    <subfield code="l">0</subfield>
    <subfield code="o">H331 REV 9</subfield>
    <subfield code="p">R00941</subfield>
    <subfield code="r">2026-04-10 16:06:48</subfield>
    <subfield code="w">2026-04-10</subfield>
    <subfield code="y">RN</subfield>
  </datafield>
  <datafield tag="952" ind1=" " ind2=" ">
    <subfield code="0">0</subfield>
    <subfield code="1">0</subfield>
    <subfield code="4">0</subfield>
    <subfield code="7">0</subfield>
    <subfield code="a">BCEJYS</subfield>
    <subfield code="b">BCEJYS</subfield>
    <subfield code="c">17</subfield>
    <subfield code="d">1995-07-01</subfield>
    <subfield code="h">A&#xF1;o 2, N&#xBA; 8 - jul./dic. 1995</subfield>
    <subfield code="l">0</subfield>
    <subfield code="o">H331 REV 8</subfield>
    <subfield code="p">R00939</subfield>
    <subfield code="r">2026-04-10 16:06:48</subfield>
    <subfield code="w">2026-04-10</subfield>
    <subfield code="y">RN</subfield>
  </datafield>
  <datafield tag="952" ind1=" " ind2=" ">
    <subfield code="0">0</subfield>
    <subfield code="1">0</subfield>
    <subfield code="4">0</subfield>
    <subfield code="7">0</subfield>
    <subfield code="a">BCEJYS</subfield>
    <subfield code="b">BCEJYS</subfield>
    <subfield code="c">17</subfield>
    <subfield code="d">1995-07-01</subfield>
    <subfield code="h">A&#xF1;o 2, N&#xBA; 8 - jul./dic. 1995</subfield>
    <subfield code="l">0</subfield>
    <subfield code="o">H331 REV 8 Ej.2</subfield>
    <subfield code="p">R00940</subfield>
    <subfield code="r">2026-04-10 16:06:48</subfield>
    <subfield code="w">2026-04-10</subfield>
    <subfield code="y">RN</subfield>
  </datafield>
  <datafield tag="952" ind1=" " ind2=" ">
    <subfield code="0">0</subfield>
    <subfield code="1">0</subfield>
    <subfield code="4">0</subfield>
    <subfield code="7">0</subfield>
    <subfield code="a">BCEJYS</subfield>
    <subfield code="b">BCEJYS</subfield>
    <subfield code="c">17</subfield>
    <subfield code="d">1995-05-01</subfield>
    <subfield code="h">A&#xF1;o 2, N&#xBA; 7 - may./jun. 1995</subfield>
    <subfield code="l">0</subfield>
    <subfield code="o">H331 REV 7</subfield>
    <subfield code="p">R00938</subfield>
    <subfield code="r">2026-04-10 16:06:48</subfield>
    <subfield code="w">2026-04-10</subfield>
    <subfield code="y">RN</subfield>
  </datafield>
  <datafield tag="952" ind1=" " ind2=" ">
    <subfield code="0">0</subfield>
    <subfield code="1">0</subfield>
    <subfield code="4">0</subfield>
    <subfield code="7">0</subfield>
    <subfield code="a">BCEJYS</subfield>
    <subfield code="b">BCEJYS</subfield>
    <subfield code="c">17</subfield>
    <subfield code="d">1995-05-01</subfield>
    <subfield code="h">A&#xF1;o 2, N&#xBA; 7 - may./jun. 1995</subfield>
    <subfield code="l">0</subfield>
    <subfield code="o">H331 REV 7 Ej.2</subfield>
    <subfield code="p">R00935</subfield>
    <subfield code="r">2026-04-10 16:06:48</subfield>
    <subfield code="w">2026-04-10</subfield>
    <subfield code="y">RN</subfield>
  </datafield>
  <datafield tag="952" ind1=" " ind2=" ">
    <subfield code="0">0</subfield>
    <subfield code="1">0</subfield>
    <subfield code="4">0</subfield>
    <subfield code="7">0</subfield>
    <subfield code="a">BCEJYS</subfield>
    <subfield code="b">BCEJYS</subfield>
    <subfield code="c">17</subfield>
    <subfield code="d">1995-03-01</subfield>
    <subfield code="h">A&#xF1;o 2, N&#xBA; 6 - mar./abr. 1995</subfield>
    <subfield code="l">0</subfield>
    <subfield code="o">H331 REV 6</subfield>
    <subfield code="p">R00934</subfield>
    <subfield code="r">2026-04-10 16:06:48</subfield>
    <subfield code="w">2026-04-10</subfield>
    <subfield code="y">RN</subfield>
  </datafield>
  <datafield tag="952" ind1=" " ind2=" ">
    <subfield code="0">0</subfield>
    <subfield code="1">0</subfield>
    <subfield code="4">0</subfield>
    <subfield code="7">0</subfield>
    <subfield code="a">BCEJYS</subfield>
    <subfield code="b">BCEJYS</subfield>
    <subfield code="c">17</subfield>
    <subfield code="d">1995-03-01</subfield>
    <subfield code="h">A&#xF1;o 2, N&#xBA; 6 - mar./abr. 1995</subfield>
    <subfield code="l">0</subfield>
    <subfield code="o">H331 REV 6 Ej.2</subfield>
    <subfield code="p">R00937</subfield>
    <subfield code="r">2026-04-10 16:06:48</subfield>
    <subfield code="w">2026-04-10</subfield>
    <subfield code="y">RN</subfield>
  </datafield>
  <datafield tag="952" ind1=" " ind2=" ">
    <subfield code="0">0</subfield>
    <subfield code="1">0</subfield>
    <subfield code="4">0</subfield>
    <subfield code="7">0</subfield>
    <subfield code="a">BCEJYS</subfield>
    <subfield code="b">BCEJYS</subfield>
    <subfield code="c">17</subfield>
    <subfield code="d">1994-11-01</subfield>
    <subfield code="h">A&#xF1;o 1, N&#xBA; 5 - nov./feb 1994</subfield>
    <subfield code="l">0</subfield>
    <subfield code="o">H331 REV 5</subfield>
    <subfield code="p">R00933</subfield>
    <subfield code="r">2026-04-10 16:06:48</subfield>
    <subfield code="w">2026-04-10</subfield>
    <subfield code="y">RN</subfield>
  </datafield>
  <datafield tag="952" ind1=" " ind2=" ">
    <subfield code="0">0</subfield>
    <subfield code="1">0</subfield>
    <subfield code="4">0</subfield>
    <subfield code="7">0</subfield>
    <subfield code="a">BCEJYS</subfield>
    <subfield code="b">BCEJYS</subfield>
    <subfield code="c">17</subfield>
    <subfield code="d">1994-11-01</subfield>
    <subfield code="h">A&#xF1;o 1, N&#xBA; 5 - nov./feb 1994</subfield>
    <subfield code="l">0</subfield>
    <subfield code="o">H331 REV 5 Ej.2</subfield>
    <subfield code="p">R00936</subfield>
    <subfield code="r">2026-04-10 16:06:48</subfield>
    <subfield code="w">2026-04-10</subfield>
    <subfield code="y">RN</subfield>
  </datafield>
  <datafield tag="952" ind1=" " ind2=" ">
    <subfield code="0">0</subfield>
    <subfield code="1">0</subfield>
    <subfield code="4">0</subfield>
    <subfield code="7">0</subfield>
    <subfield code="a">BCEJYS</subfield>
    <subfield code="b">BCEJYS</subfield>
    <subfield code="c">17</subfield>
    <subfield code="d">1994-09-01</subfield>
    <subfield code="h">A&#xF1;o 1, N&#xBA; 4 - sep./oct. 1994</subfield>
    <subfield code="l">0</subfield>
    <subfield code="o">H331 REV 4</subfield>
    <subfield code="p">R00928</subfield>
    <subfield code="r">2026-04-10 16:06:48</subfield>
    <subfield code="w">2026-04-10</subfield>
    <subfield code="y">RN</subfield>
  </datafield>
  <datafield tag="952" ind1=" " ind2=" ">
    <subfield code="0">0</subfield>
    <subfield code="1">0</subfield>
    <subfield code="4">0</subfield>
    <subfield code="7">0</subfield>
    <subfield code="a">BCEJYS</subfield>
    <subfield code="b">BCEJYS</subfield>
    <subfield code="c">17</subfield>
    <subfield code="d">1994-09-01</subfield>
    <subfield code="h">A&#xF1;o 1, N&#xBA; 4 - sep./oct. 1994</subfield>
    <subfield code="l">0</subfield>
    <subfield code="o">H331 REV 4 Ej.2</subfield>
    <subfield code="p">R00932</subfield>
    <subfield code="r">2026-04-10 16:06:48</subfield>
    <subfield code="w">2026-04-10</subfield>
    <subfield code="y">RN</subfield>
  </datafield>
  <datafield tag="952" ind1=" " ind2=" ">
    <subfield code="0">0</subfield>
    <subfield code="1">0</subfield>
    <subfield code="4">0</subfield>
    <subfield code="7">0</subfield>
    <subfield code="a">BCEJYS</subfield>
    <subfield code="b">BCEJYS</subfield>
    <subfield code="c">17</subfield>
    <subfield code="d">1994-07-01</subfield>
    <subfield code="h">A&#xF1;o 1, N&#xBA; 3 - jul./ago. 1994</subfield>
    <subfield code="l">0</subfield>
    <subfield code="o">H331 REV 3</subfield>
    <subfield code="p">R00927</subfield>
    <subfield code="r">2026-04-10 16:06:49</subfield>
    <subfield code="w">2026-04-10</subfield>
    <subfield code="y">RN</subfield>
  </datafield>
  <datafield tag="952" ind1=" " ind2=" ">
    <subfield code="0">0</subfield>
    <subfield code="1">0</subfield>
    <subfield code="4">0</subfield>
    <subfield code="7">0</subfield>
    <subfield code="a">BCEJYS</subfield>
    <subfield code="b">BCEJYS</subfield>
    <subfield code="c">17</subfield>
    <subfield code="d">1994-07-01</subfield>
    <subfield code="h">A&#xF1;o 1, N&#xBA; 3 - jul./ago. 1994</subfield>
    <subfield code="l">0</subfield>
    <subfield code="o">H331 REV 3 Ej.2</subfield>
    <subfield code="p">R00931</subfield>
    <subfield code="r">2026-04-10 16:06:49</subfield>
    <subfield code="w">2026-04-10</subfield>
    <subfield code="y">RN</subfield>
  </datafield>
  <datafield tag="952" ind1=" " ind2=" ">
    <subfield code="0">0</subfield>
    <subfield code="1">0</subfield>
    <subfield code="4">0</subfield>
    <subfield code="7">0</subfield>
    <subfield code="a">BCEJYS</subfield>
    <subfield code="b">BCEJYS</subfield>
    <subfield code="c">17</subfield>
    <subfield code="d">1994-05-01</subfield>
    <subfield code="h">A&#xF1;o 1, N&#xBA; 2 - may./jun. 1994</subfield>
    <subfield code="l">0</subfield>
    <subfield code="o">H331 REV 2</subfield>
    <subfield code="p">R00930</subfield>
    <subfield code="r">2026-04-10 16:06:49</subfield>
    <subfield code="w">2026-04-10</subfield>
    <subfield code="y">RN</subfield>
  </datafield>
  <datafield tag="952" ind1=" " ind2=" ">
    <subfield code="0">0</subfield>
    <subfield code="1">0</subfield>
    <subfield code="4">0</subfield>
    <subfield code="7">0</subfield>
    <subfield code="a">BCEJYS</subfield>
    <subfield code="b">BCEJYS</subfield>
    <subfield code="c">17</subfield>
    <subfield code="d">1994-05-01</subfield>
    <subfield code="h">A&#xF1;o 1, N&#xBA; 2 - may./jun. 1994</subfield>
    <subfield code="l">0</subfield>
    <subfield code="o">H331 REV 2 Ej.2</subfield>
    <subfield code="p">R00926</subfield>
    <subfield code="r">2026-04-10 16:06:49</subfield>
    <subfield code="w">2026-04-10</subfield>
    <subfield code="y">RN</subfield>
  </datafield>
  <datafield tag="952" ind1=" " ind2=" ">
    <subfield code="0">0</subfield>
    <subfield code="1">0</subfield>
    <subfield code="4">0</subfield>
    <subfield code="7">0</subfield>
    <subfield code="a">BCEJYS</subfield>
    <subfield code="b">BCEJYS</subfield>
    <subfield code="c">17</subfield>
    <subfield code="d">1994-03-01</subfield>
    <subfield code="h">A&#xF1;o 1, N&#xBA; 1 - mar./abr. 1994</subfield>
    <subfield code="l">0</subfield>
    <subfield code="o">H331 REV 1</subfield>
    <subfield code="p">R00925</subfield>
    <subfield code="r">2026-04-10 16:06:49</subfield>
    <subfield code="w">2026-04-10</subfield>
    <subfield code="y">RN</subfield>
  </datafield>
  <datafield tag="952" ind1=" " ind2=" ">
    <subfield code="0">0</subfield>
    <subfield code="1">0</subfield>
    <subfield code="4">0</subfield>
    <subfield code="7">0</subfield>
    <subfield code="a">BCEJYS</subfield>
    <subfield code="b">BCEJYS</subfield>
    <subfield code="c">17</subfield>
    <subfield code="d">1994-03-01</subfield>
    <subfield code="h">A&#xF1;o 1, N&#xBA; 1 - mar./abr. 1994</subfield>
    <subfield code="l">0</subfield>
    <subfield code="o">H331 REV 1 Ej.2</subfield>
    <subfield code="p">R00929</subfield>
    <subfield code="r">2026-04-10 16:06:49</subfield>
    <subfield code="w">2026-04-10</subfield>
    <subfield code="y">RN</subfield>
  </datafield>
</record>
